Ulice Wisznic od A-Z - Statystyki

Ogólne statystyki
  • Ten quiz został rozwiązany 6 razy
  • Średni wynik to 5 z 12
Statystyki odpowiedzi
Ulica % Poprawnych
P Partyzantów | Piotra Makaruka | Polna | Przemysłowa
75%
W Warszawska | Władysława Zawadzkiego | Włodawska
75%
Z Zielona
75%
S Sosnowa | Spacerowa | Sportowa | Szkolna
50%
Ż Żabia
50%
C Cicha
25%
F Fabryczna
25%
J Jasna | Józefa Ignacego Kraszewskiego
25%
K Kościelna | Krótka | Krzywa
25%
N Nowa
25%
O Ogrodowa
25%
R Rowińska | Rynek
25%
Nie znaleziono quizów pasujących do podanych kryteriów
Rozkład punktacji
Procent ludzi z każdym wynikiem
Percentyl według liczby udzielonych odpowiedzi
Twoja historia wyników
Nie rozwiązałeś tego quizu